[Event "31è Open International d'Avoine 2016"]
[Site "Avoine"]
[Date "2016.07.23"]
[Round "1.1"]
[White "Fedorchuk, Sergey A"]
[Black "Nguyen, Vincent"]
[Result "1-0"]
[WhiteElo "2624"]
[BlackElo "2090"]
[PlyCount "51"]
[EventDate "2016.??.??"]

1. e4 c5 2. Nf3 e6 3. d4 cxd4 4. Nxd4 Nc6 5. Nc3 Qc7 6. Be2 a6 7. O-O Nf6 8.
Be3 d6 9. f4 Be7 10. Kh1 O-O 11. Qe1 b5 12. Nxc6 Qxc6 13. e5 dxe5 14. fxe5 Nd5
15. Nxd5 exd5 16. c3 Be6 17. Bd3 Rfc8 18. Qg3 a5 19. Bh6 g6 20. h4 b4 21. h5
Qe8 22. cxb4 axb4 23. Rf4 Rab8 24. Raf1 Rb6 25. Bg5 Bf8 26. hxg6 1-0

[Event "31è Open International d'Avoine 2016"]
[Site "Avoine"]
[Date "2016.07.23"]
[Round "1.2"]
[White "Varlet, Nicolas"]
[Black "Maiorov, Nikita"]
[Result "0-1"]
[WhiteElo "2088"]
[BlackElo "2541"]
[PlyCount "44"]
[EventDate "2016.??.??"]

1. d4 Nf6 2. c4 g6 3. Nc3 Bg7 4. e4 d6 5. f4 Bg4 6. Be2 Bxe2 7. Qxe2 Nc6 8. Nf3
O-O 9. e5 Ne8 10. d5 Nb8 11. O-O c6 12. b3 Nc7 13. dxc6 Nxc6 14. Bb2 dxe5 15.
Rad1 Nd4 16. Qe4 f5 17. Qxb7 exf4 18. Kh1 e5 19. Nxd4 exd4 20. Nd5 Nxd5 21.
Bxd4 Nf6 22. Bxa7 Qd7 0-1

[Event "31è Open International d'Avoine 2016"]
[Site "Avoine"]
[Date "2016.07.23"]
[Round "1.3"]
[White "Inkiov, Ventzislav"]
[Black "Ben-Abed, Mehdi"]
[Result "1-0"]
[WhiteElo "2467"]
[BlackElo "2086"]
[PlyCount "83"]
[EventDate "2016.??.??"]

1. d4 Nf6 2. c4 g6 3. Nc3 Bg7 4. e4 d6 5. f4 O-O 6. Nf3 c5 7. d5 e6 8. dxe6
Bxe6 9. Bd3 Nc6 10. f5 Bd7 11. O-O Ne5 12. Nxe5 dxe5 13. Bg5 gxf5 14. exf5 Bc6
15. Bxf6 Qd4+ 16. Kh1 Bxf6 17. Be4 Qxd1 18. Raxd1 Rfd8 19. Bd5 e4 20. Nxe4 Bd4
21. b4 Rac8 22. bxc5 Bxc5 23. f6 h6 24. g4 b5 25. Bxc6 Rxd1 26. Rxd1 Rxc6 27.
cxb5 Rc7 28. Rc1 Bd6 29. Rc6 Be5 30. Rxc7 Bxc7 31. h4 h5 32. g5 Kh7 33. Kg2 Kg6
34. Kf3 Kf5 35. Ng3+ Kg6 36. a4 Ba5 37. Ke4 Bb4 38. Ne2 Be1 39. Nf4+ Kh7 40.
Kf5 Bxh4 41. Nxh5 Be1 42. Nf4 1-0

[Event "31è Open International d'Avoine 2016"]
[Site "Avoine"]
[Date "2016.07.23"]
[Round "1.4"]
[White "Hoffmann, Roger"]
[Black "Filip, Lucian"]
[Result "0-1"]
[WhiteElo "2084"]
[BlackElo "2440"]
[PlyCount "63"]
[EventDate "2016.??.??"]

1. c4 Nf6 2. g3 e6 3. Bg2 d5 4. Nf3 dxc4 5. Qa4+ Nbd7 6. O-O a6 7. Qxc4 b5 8.
Qc6 Rb8 9. d4 Bb7 10. Qc2 c5 11. Rd1 Rc8 12. dxc5 Bxc5 13. Qd3 Be4 14. Qb3 Bc2
15. Qxc2 Bxf2+ 16. Kxf2 Rxc2 17. Nd4 Qb6 18. Na3 Rc7 19. Kf1 O-O 20. Be3 Ng4
21. Bg1 b4 22. Nac2 e5 23. Nf3 Qb5 24. Nce1 Nb6 25. h3 Nf6 26. Nd3 Nbd7 27. Ng5
h6 28. Nf3 Ne4 29. Bh2 f5 30. Nd2 Nxd2+ 31. Rxd2 Nb6 32. b3 0-1

[Event "31è Open International d'Avoine 2016"]
[Site "Avoine"]
[Date "2016.07.23"]
[Round "1.5"]
[White "Djuric, Stefan"]
[Black "Marimoutou, Loic"]
[Result "1-0"]
[WhiteElo "2420"]
[BlackElo "2077"]
[PlyCount "87"]
[EventDate "2016.??.??"]

1. e4 e5 2. Nf3 Nc6 3. Bb5 a6 4. Ba4 Nf6 5. d4 exd4 6. O-O Be7 7. Re1 b5 8. Bb3
d6 9. Bd5 Nxd5 10. exd5 Ne5 11. Nxd4 O-O 12. a4 Bd7 13. Nc3 b4 14. Ne4 c5 15.
dxc6 Nxc6 16. Bf4 d5 17. Ng3 Bf6 18. Be3 Ne5 19. Nh5 Be7 20. h3 Nc4 21. Bc1 Bc5
22. Nb3 Ba7 23. Nf4 Qh4 24. Rf1 Nxb2 25. Qxd5 Rfd8 26. Qe4 Nxa4 27. Qxb4 Rab8
28. Qe4 Re8 29. Qd3 Bb5 30. c4 Rbd8 31. Qc2 Rc8 32. Na5 Bb6 33. Qb3 Re1 34. Be3
Rxf1+ 35. Rxf1 Bxe3 36. Qxe3 Qd8 37. Nb7 Qc7 38. Nd5 Qxb7 39. Ne7+ Kf8 40. Nxc8
Bxc4 41. Nd6 Qc6 42. Nxc4 Qxc4 43. Rc1 Qe6 44. Qa3+ 1-0

[Event "31è Open International d'Avoine 2016"]
[Site "Avoine"]
[Date "2016.07.23"]
[Round "1.6"]
[White "Guerlach, Keigo"]
[Black "Dumitrache, Dragos-Nicolae"]
[Result "0-1"]
[WhiteElo "2075"]
[BlackElo "2416"]
[PlyCount "100"]
[EventDate "2016.??.??"]

1. e4 d6 2. d4 Nf6 3. Nc3 e5 4. dxe5 dxe5 5. Qxd8+ Kxd8 6. Bc4 Ke8 7. Nf3 Bd6
8. Ng5 Rf8 9. Nd5 Nbd7 10. O-O h6 11. Nxf6+ Nxf6 12. Nf3 Nxe4 13. Re1 f5 14.
Nxe5 Bxe5 15. f3 Ke7 16. fxe4 f4 17. Bd2 b6 18. Bd5 Rb8 19. Bb4+ c5 20. Bc3 Kf6
21. Bxe5+ Kxe5 22. Rad1 Bg4 23. Rd3 Rbd8 24. c4 g5 25. a3 f3 26. Rf1 fxg2 27.
Rxf8 Rxf8 28. Kxg2 Be2 29. Re3 Bf1+ 30. Kg3 Rf4 31. Rf3 Be2 32. Re3 Bd1 33. b4
Bc2 34. bxc5 bxc5 35. Re2 Bxe4 36. Rd2 Bf5 37. Rb2 h5 38. Rb7 h4+ 39. Kg2 Bd3
40. Rxa7 Kd4 41. a4 Bf1+ 42. Kg1 Bxc4 43. Bxc4 Kxc4 44. Rc7 Kb4 45. a5 Rf6 46.
Rg7 c4 47. Rxg5 c3 48. Rg4+ Kb3 49. Rg8 Rc6 50. Rb8+ Ka2 0-1

[Event "31è Open International d'Avoine 2016"]
[Site "Avoine"]
[Date "2016.07.23"]
[Round "1.7"]
[White "Stets, Dmitry"]
[Black "Burille, Matthieu"]
[Result "1-0"]
[WhiteElo "2416"]
[BlackElo "2069"]
[PlyCount "98"]
[EventDate "2016.??.??"]

1. e4 c5 2. Nc3 Nc6 3. Nge2 e6 4. d4 cxd4 5. Nxd4 Nf6 6. Ndb5 Bb4 7. a3 Bxc3+
8. Nxc3 d5 9. Bd3 dxe4 10. Nxe4 Nxe4 11. Bxe4 Qxd1+ 12. Kxd1 e5 13. Re1 Be6 14.
Bxc6+ bxc6 15. Rxe5 O-O-O+ 16. Ke1 Rd5 17. Rxd5 Bxd5 18. f3 Rd8 19. Be3 Kb7 20.
Rd1 Rd7 21. Rd4 Be6 22. Rh4 Bf5 23. Rb4+ Kc8 24. Rc4 Kb7 25. g4 Re7 26. Kd2 Be6
27. Rb4+ Kc8 28. Ra4 Kb8 29. Bc5 Rb7 30. b3 Bc8 31. Ke3 Rd7 32. Re4 Rd1 33.
Rb4+ Ka8 34. Ra4 a6 35. Bd4 Rh1 36. Rc4 Bd7 37. Be5 Re1+ 38. Kd4 Rd1+ 39. Kc3
Rf1 40. Kb4 Rxf3 41. Bxg7 Be6 42. Rxc6 Kb7 43. Rc5 Rf4+ 44. c4 Bxg4 45. Be5 Rf5
46. Bg3 Rf6 47. Rc7+ Ka8 48. Ka5 Bf3 49. b4 Rf5+ 1-0

[Event "31è Open International d'Avoine 2016"]
[Site "Avoine"]
[Date "2016.07.23"]
[Round "1.8"]
[White "Viel, Simon"]
[Black "Sochacki, Wojtek"]
[Result "1/2-1/2"]
[WhiteElo "2066"]
[BlackElo "2410"]
[PlyCount "160"]
[EventDate "2016.??.??"]

1. e4 c5 2. Nf3 d6 3. d4 cxd4 4. Nxd4 Nf6 5. Nc3 g6 6. Be3 Bg7 7. f3 O-O 8. Qd2
Nc6 9. Bc4 Bd7 10. h4 h5 11. O-O-O Rc8 12. Bb3 Ne5 13. Bh6 Bxh6 14. Qxh6 Rxc3
15. bxc3 Qc7 16. Qe3 a5 17. a4 Qc5 18. g4 Bxa4 19. gxh5 Bxb3 20. cxb3 a4 21. b4
Qc4 22. hxg6 fxg6 23. h5 Rc8 24. Kb1 gxh5 25. Nf5 Qb3+ 26. Ka1 Kf7 27. Qg5
Qxc3+ 28. Kb1 Qxb4+ 29. Ka1 Ke8 30. Nxd6+ exd6 31. Qxf6 Qc3+ 32. Ka2 Qb3+ 33.
Ka1 Rc6 34. Qh8+ Kd7 35. Qg7+ Kd8 36. Qf6+ Kc7 37. Qe7+ Kc8 38. Qe8+ Kc7 39.
Qe7+ Kb8 40. Qd8+ Ka7 41. Qa5+ Ra6 42. Qd5 Qa3+ 43. Qa2 Qxf3 44. Rhf1 Qxe4 45.
Qf2+ Rb6 46. Rxd6 Nc6 47. Rd2 a3 48. Qf4 Rb1+ 49. Ka2 Nb4+ 50. Kxa3 Ra1+ 51.
Kb3 Qe6+ 52. Kxb4 Qb6+ 53. Kc4 Ra4+ 54. Kd3 Qa6+ 55. Ke3 Qe6+ 56. Kd3 Ra3+ 57.
Kd4 Ra4+ 58. Kd3 Rxf4 59. Rxf4 Qd5+ 60. Ke3 Qe5+ 61. Kf3 b5 62. Rdd4 Ka6 63.
Rfe4 Qf5+ 64. Rf4 Qh3+ 65. Kf2 Ka5 66. Rh4 Qe6 67. Kf3 Kb6 68. Rde4 Qf5+ 69.
Ref4 Qg5 70. Rb4 Kc6 71. Rbe4 Qf5+ 72. Ke3 Qd5 73. Ref4 Qg5 74. Kf3 Kd5 75.
Rd4+ Kc5 76. Rdf4 Qd5+ 77. Ke3 Qb3+ 78. Kf2 Qc2+ 79. Ke3 Qc1+ 80. Kf3 Qc3+
1/2-1/2

[Event "31è Open International d'Avoine 2016"]
[Site "Avoine"]
[Date "2016.07.23"]
[Round "1.9"]
[White "Colin, Vincent"]
[Black "Batteux, Mickael"]
[Result "1/2-1/2"]
[WhiteElo "2395"]
[BlackElo "2063"]
[PlyCount "83"]
[EventDate "2016.??.??"]

1. e4 Nf6 2. d3 d6 3. g3 c5 4. Bg2 Nc6 5. Nf3 g6 6. O-O Bg7 7. c3 O-O 8. Re1
Bg4 9. h3 Bxf3 10. Bxf3 b5 11. e5 Nxe5 12. Bxa8 Qxa8 13. Nd2 Nxd3 14. Rxe7 Ne5
15. a4 b4 16. cxb4 Nd5 17. Rxe5 Bxe5 18. bxc5 dxc5 19. Nc4 Bd4 20. Bh6 Rd8 21.
Qf3 Nb6 22. Qxa8 Rxa8 23. Ne3 Bxb2 24. Ra2 Bg7 25. Bxg7 Kxg7 26. a5 Nd7 27. Rd2
Nf6 28. Rb2 Rd8 29. Rb7 Rd7 30. a6 Rxb7 31. axb7 Nd7 32. Nd5 a5 33. Kf1 f5 34.
Ke2 Kf7 35. Kd3 Ke6 36. Kc4 Kd6 37. Nf6 Ne5+ 38. Kc3 Kc7 39. Nxh7 Kxb7 40. Nf8
g5 41. Ne6 Nf3 42. Nxc5+ 1/2-1/2

[Event "31è Open International d'Avoine 2016"]
[Site "Avoine"]
[Date "2016.07.23"]
[Round "1.10"]
[White "Simon, Daniel"]
[Black "Godart, Francois"]
[Result "0-1"]
[WhiteElo "2060"]
[BlackElo "2393"]
[PlyCount "56"]
[EventDate "2016.??.??"]

1. e4 e6 2. d4 d5 3. Nd2 h6 4. c3 c5 5. Bb5+ Nc6 6. exd5 Qxd5 7. Qf3 Nf6 8. Ne2
Bd7 9. Qxd5 Nxd5 10. dxc5 Bxc5 11. Ne4 Be7 12. O-O O-O-O 13. Re1 Ne5 14. Nd4
Bxb5 15. Nxb5 a6 16. Nd4 Nb4 17. Re2 Nbd3 18. b3 Rd5 19. Be3 f5 20. f4 Ng6 21.
Ng3 Ngxf4 22. Rd2 Bc5 23. Nge2 Nxe2+ 24. Rxe2 f4 25. Rd1 fxe3 26. Rxd3 e5 27.
Rc2 Kb8 28. b4 Bb6 0-1

[Event "31è Open International d'Avoine 2016"]
[Site "Avoine"]
[Date "2016.07.23"]
[Round "1.11"]
[White "Lerch, Patrice"]
[Black "Coiffait, Pierre-Basile"]
[Result "1-0"]
[WhiteElo "2392"]
[BlackElo "2057"]
[PlyCount "100"]
[EventDate "2016.??.??"]

1. e4 e5 2. Bc4 Nf6 3. d3 Bc5 4. Nf3 Nc6 5. O-O d6 6. c3 a6 7. a4 O-O 8. Na3
Ne7 9. Bg5 Ng6 10. Nh4 Kh8 11. Qb3 h6 12. Nxg6+ fxg6 13. Be3 Bxe3 14. fxe3 c6
15. Be6 Qe7 16. Bxc8 Raxc8 17. Qd1 b5 18. Qe2 Nd7 19. Rxf8+ Rxf8 20. Nc2 Nc5
21. axb5 axb5 22. Nb4 Qd7 23. h3 Kg8 24. Qc2 Re8 25. Rf1 Ne6 26. Qb3 Kh7 27.
Qa2 Qb7 28. Ra1 Qb6 29. Qa7 Qxa7 30. Rxa7 c5 31. Nd5 Rd8 32. h4 Nf8 33. Kf2 Kg8
34. Rb7 c4 35. d4 Re8 36. Kf3 Nh7 37. Ne7+ Kf7 38. Nf5+ Kf6 39. Nxd6 Rf8 40. d5
h5 41. Nxb5 g5 42. Kg3 gxh4+ 43. Kxh4 Kg6 44. Rb6+ Nf6 45. Nd6 Kh6 46. Nxc4 g5+
47. Kh3 h4 48. g4 hxg3 49. Kxg3 Kh5 50. Rxf6 Rxf6 1-0

[Event "31è Open International d'Avoine 2016"]
[Site "Avoine"]
[Date "2016.07.23"]
[Round "1.13"]
[White "Haub, Thorsten Michael"]
[Black "Lemasle, Raphael"]
[Result "1-0"]
[WhiteElo "2363"]
[BlackElo "2055"]
[PlyCount "47"]
[EventDate "2016.??.??"]

1. g3 d5 2. Bg2 e5 3. d3 f5 4. Nf3 Bd6 5. O-O Nf6 6. c4 c6 7. cxd5 cxd5 8. Nc3
Nc6 9. Bg5 Be7 10. Qb3 d4 11. Bxf6 Bxf6 12. Nd5 Na5 13. Nxf6+ Qxf6 14. Qb5+ Nc6
15. Nxe5 O-O 16. Nxc6 bxc6 17. Bxc6 a6 18. Bd5+ Kh8 19. Qc6 Qxc6 20. Bxc6 Rb8
21. b3 f4 22. Rac1 Bg4 23. f3 Bh3 24. Rfd1 1-0

[Event "31è Open International d'Avoine 2016"]
[Site "Avoine"]
[Date "2016.07.23"]
[Round "1.14"]
[White "Caille, Hugo"]
[Black "Ollier, Pablo"]
[Result "0-1"]
[WhiteElo "2053"]
[BlackElo "2362"]
[PlyCount "91"]
[EventDate "2016.??.??"]

1. Nf3 Nf6 2. g3 d5 3. Bg2 Bf5 4. O-O e6 5. b3 Be7 6. Bb2 O-O 7. d3 h6 8. Nbd2
Bh7 9. a3 a5 10. c4 c6 11. Re1 Nbd7 12. d4 Ne4 13. Nxe4 Bxe4 14. Nd2 Bxg2 15.
Kxg2 a4 16. b4 b5 17. c5 Re8 18. f3 f5 19. e4 dxe4 20. fxe4 fxe4 21. Qg4 Bg5
22. Nxe4 Nf6 23. Qf3 Nxe4 24. Rxe4 Qd5 25. Rae1 Rf8 26. Qe2 Rae8 27. Kg1 Bf6
28. Rxe6 Bxd4+ 29. Bxd4 Qxd4+ 30. Kh1 Qd5+ 31. Qe4 Rf1+ 32. Rxf1 Qxe4+ 33. Rxe4
Rxe4 34. Kg2 Re3 35. Rf3 Rb3 36. h3 Kh7 37. Kf2 Kg6 38. Ke2 Rxf3 39. Kxf3 Kf5
40. Ke3 Ke5 41. h4 Kd5 42. Kf4 Kc4 43. Ke5 Kb3 44. Kd6 Kxa3 45. Kxc6 Kxb4 46.
Kb6 0-1

[Event "31è Open International d'Avoine 2016"]
[Site "Avoine"]
[Date "2016.07.23"]
[Round "1.15"]
[White "Braeuning, Rudolf Wilhelm"]
[Black "Vukojevic, Philippe"]
[Result "1-0"]
[WhiteElo "2358"]
[BlackElo "2048"]
[PlyCount "80"]
[EventDate "2016.??.??"]

1. e4 e6 2. d4 d5 3. Nd2 c5 4. exd5 exd5 5. Bb5+ Bd7 6. Qe2+ Be7 7. dxc5 Nf6 8.
Nb3 O-O 9. Be3 Re8 10. Nf3 Bxc5 11. Bxd7 Nbxd7 12. Nxc5 Nxc5 13. O-O-O Rc8 14.
Qb5 a6 15. Qb4 Re4 16. Bd4 b6 17. Kb1 Ncd7 18. c3 Qc7 19. g3 Qc6 20. Qb3 b5 21.
Rhe1 h6 22. Bxf6 Nxf6 23. Nd4 Qe8 24. Rf1 Rc4 25. a3 Qc8 26. Qc2 Qe8 27. Qd2 a5
28. f3 Re5 29. Nc2 Rc7 30. Rfe1 Rce7 31. Rxe5 Rxe5 32. Nd4 Kf8 33. Ka2 Qc8 34.
Qf4 Re8 35. Nxb5 Re2 36. g4 g5 37. Qd6+ Kg7 38. Nd4 Qc4+ 39. Ka1 Rf2 40. Nf5+
Kg6 1-0

[Event "31è Open International d'Avoine 2016"]
[Site "Avoine"]
[Date "2016.07.23"]
[Round "1.18"]
[White "Podvin, Antoine"]
[Black "Shirazi, Kamran"]
[Result "0-1"]
[WhiteElo "2038"]
[BlackElo "2350"]
[PlyCount "64"]
[EventDate "2016.??.??"]

1. d4 Nf6 2. c4 a6 3. Nc3 c5 4. e3 d5 5. dxc5 e6 6. Nf3 Bxc5 7. a3 Nc6 8. b4
Be7 9. Bb2 O-O 10. cxd5 exd5 11. Be2 Re8 12. O-O Be6 13. Nd4 Bf8 14. Nxc6 bxc6
15. Bf3 Qb8 16. Rb1 a5 17. Ne2 Ng4 18. Bxg4 Bxg4 19. bxa5 Bf5 20. Qd4 Bxb1 21.
Rxb1 Rxa5 22. Ng3 Rxa3 23. Nh5 Rb3 24. g3 Re4 25. Nf6+ gxf6 26. Qxf6 Rxb2 27.
Rxb2 Qe5 28. Qxc6 Rc4 29. Qb5 Rc1+ 30. Kg2 Qe4+ 31. Kh3 Rg1 32. Rd2 Qf5+ 0-1

[Event "31è Open International d'Avoine 2016"]
[Site "Avoine"]
[Date "2016.07.23"]
[Round "1.19"]
[White "Deslandes, Pascal"]
[Black "Harutyunyan, Ruben"]
[Result "1-0"]
[WhiteElo "2302"]
[BlackElo "2032"]
[PlyCount "106"]
[EventDate "2016.??.??"]

1. e4 c5 2. c3 Nf6 3. e5 Nd5 4. d4 cxd4 5. cxd4 d6 6. Nf3 Nc6 7. Bc4 Nb6 8. Bb5
Bd7 9. Nc3 e6 10. O-O d5 11. Be3 Be7 12. Nd2 O-O 13. f4 f5 14. Bf2 Na5 15. Bd3
Rc8 16. Qe2 Nac4 17. Nb3 Rc7 18. Nc5 Qc8 19. b3 Na5 20. Qd2 a6 21. Ne2 Nc6 22.
b4 Be8 23. a4 Bf7 24. a5 Nd7 25. Rfb1 Nxc5 26. bxc5 Be8 27. Qe3 Bd8 28. Qh3 Rd7
29. Be1 Kh8 30. g4 g6 31. gxf5 gxf5 32. Bh4 Rg7+ 33. Kf2 Bxh4+ 34. Qxh4 Rg4 35.
Qh6 Rfg8 36. Ke3 R4g6 37. Qh3 R8g7 38. Ng3 Qd8 39. Rb6 Rc7 40. Be2 Qe7 41. Rc1
Nxa5 42. Rd6 Rc6 43. Nh5 Rh6 44. Rg1 Bxh5 45. Bxh5 Nc4+ 46. Ke2 Nxd6 47. exd6
Qf8 48. d7 Rc7 49. c6 bxc6 50. Qa3 c5 51. Be8 Rxh2+ 52. Kd1 Qe7 53. Qg3 Qf8 1-0

[Event "31è Open International d'Avoine 2016"]
[Site "Avoine"]
[Date "2016.07.23"]
[Round "1.20"]
[White "Schmit, Vincent"]
[Black "Burri, Quentin"]
[Result "0-1"]
[WhiteElo "2031"]
[BlackElo "2294"]
[PlyCount "84"]
[EventDate "2016.??.??"]

1. e4 c5 2. Nf3 d6 3. Bb5+ Nd7 4. c4 e5 5. Nc3 Ngf6 6. O-O Be7 7. Ne1 O-O 8. d3
Nb6 9. f4 exf4 10. Bxf4 Be6 11. Nd5 Nfxd5 12. exd5 Bc8 13. Ba4 Nxa4 14. Qxa4
Bd7 15. Qd1 b5 16. Qf3 Rb8 17. b3 a5 18. Qg3 Bh4 19. Qf3 Rb6 20. Qh5 Bf6 21.
Rb1 a4 22. Nf3 g6 23. Qh6 Bg7 24. Qg5 Bf5 25. Rbd1 bxc4 26. bxc4 Qxg5 27. Bxg5
Re8 28. Rd2 a3 29. Bf4 Rb2 30. Bxd6 Bc3 31. Rdd1 Ree2 32. Bxc5 Rxg2+ 33. Kh1
Rxa2 34. Bd6 Bg4 35. Rb1 Rgb2 36. Rbc1 Bg7 37. c5 Rf2 38. Rxf2 Rxf2 39. Ne5 Bh3
40. c6 a2 41. c7 Rc2 42. Re1 Rb2 0-1

[Event "31è Open International d'Avoine 2016"]
[Site "Avoine"]
[Date "2016.07.23"]
[Round "1.21"]
[White "Eden, James"]
[Black "Caloone, Thomas"]
[Result "0-1"]
[WhiteElo "2293"]
[BlackElo "2029"]
[PlyCount "76"]
[EventDate "2016.??.??"]

1. e4 e5 2. Nf3 Nc6 3. Bc4 Bc5 4. c3 Nf6 5. d3 a6 6. a4 h6 7. Na3 d6 8. Nc2 Be6
9. Bxe6 fxe6 10. O-O O-O 11. b4 Bb6 12. Be3 Ne7 13. Bxb6 cxb6 14. Ne3 Rc8 15.
Qb3 Kh8 16. Rfc1 Ng6 17. Qxe6 Nf4 18. Qb3 Nxd3 19. Rc2 Nxe4 20. Qd5 Ndxf2 21.
Rxf2 Nxf2 22. Kxf2 Rxc3 23. Ke2 e4 24. Nd2 Rd3 25. Qh5 Qf6 26. Rf1 Rxd2+ 27.
Kxd2 Qb2+ 28. Nc2 Rxf1 29. Qe8+ Kh7 30. Qxe4+ Kg8 31. Qe6+ Rf7 32. Kd3 Qe5 33.
Qc8+ Kh7 34. Na3 d5 35. Qg4 Rf4 36. Qg3 Rd4+ 37. Kc3 Rc4+ 38. Kd3 Qxg3+ 0-1

[Event "31è Open International d'Avoine 2016"]
[Site "Avoine"]
[Date "2016.07.23"]
[Round "1.22"]
[White "Maloberti, David"]
[Black "Devallee, Jeremie"]
[Result "1/2-1/2"]
[WhiteElo "2029"]
[BlackElo "2284"]
[PlyCount "100"]
[EventDate "2016.??.??"]

1. d4 Nf6 2. c4 c5 3. d5 b5 4. cxb5 a6 5. b6 e6 6. Nc3 exd5 7. Nxd5 Nxd5 8.
Qxd5 Nc6 9. e4 Rb8 10. Bc4 Qf6 11. Bg5 Qe6 12. Qxe6+ fxe6 13. O-O-O Rxb6 14. f4
h6 15. Bh4 g5 16. fxg5 Ne5 17. Be2 Bb7 18. Bh5+ Kd8 19. Nf3 Nxf3 20. gxf3 Be7
21. Bg4 Bxg5+ 22. Bxg5+ hxg5 23. Rd2 Ke7 24. h4 gxh4 25. Rdh2 Kf6 26. Rxh4 Rxh4
27. Rxh4 Kg5 28. Rh5+ Kf4 29. Rxc5 Bxe4 30. Bxe6 dxe6 31. fxe4 Kxe4 32. Kc2 e5
33. b3 Rh6 34. a4 Kd4 35. Rc4+ Kd5 36. Rc8 e4 37. Rd8+ Kc5 38. Re8 Rh2+ 39. Kc3
Rh3+ 40. Kc2 Kd4 41. Rd8+ Ke3 42. Rd6 a5 43. Rd5 Kf4 44. Rxa5 e3 45. Ra8 Rh2+
46. Kc3 Rh1 47. Re8 Kf3 48. Rf8+ Ke4 49. Re8+ Kf3 50. Rf8+ Ke4 1/2-1/2

[Event "31è Open International d'Avoine 2016"]
[Site "Avoine"]
[Date "2016.07.23"]
[Round "1.23"]
[White "Mancini, Mario"]
[Black "Bodicker, Rob"]
[Result "1-0"]
[WhiteElo "2278"]
[BlackElo "2019"]
[PlyCount "89"]
[EventDate "2016.??.??"]

1. d4 Nf6 2. c4 c5 3. d5 e5 4. Nc3 d6 5. e4 Be7 6. Bd3 O-O 7. Nge2 Nh5 8. Be3
Bg5 9. Qd2 Bxe3 10. Qxe3 a6 11. O-O g6 12. Rae1 Qe7 13. a3 Nd7 14. g4 Nf4 15.
Nxf4 exf4 16. Qxf4 Ne5 17. Be2 Qh4 18. f3 f5 19. Qg3 Qxg3+ 20. hxg3 fxg4 21. f4
Nf7 22. Bd3 Bd7 23. e5 Bf5 24. Bxf5 gxf5 25. e6 Nh8 26. Na4 Rae8 27. Nb6 Rf6
28. b4 cxb4 29. axb4 h5 30. c5 dxc5 31. bxc5 h4 32. d6 Rexe6 33. Nd5 Rh6 34.
Ne7+ Kf8 35. Nxf5 Rhf6 36. Nxh4 Ke8 37. f5 Rxe1 38. Rxe1+ Kd8 39. Re7 Rf7 40.
Re4 Rg7 41. Kf2 Kd7 42. Ke3 Kc6 43. Re8 Nf7 44. Re7 Rh7 45. Rc7+ 1-0

[Event "31è Open International d'Avoine 2016"]
[Site "Avoine"]
[Date "2016.07.23"]
[Round "1.24"]
[White "Sally, Paul-Adrien"]
[Black "Doluhanova, Evgeniya"]
[Result "0-1"]
[WhiteElo "2007"]
[BlackElo "2269"]
[PlyCount "72"]
[EventDate "2016.??.??"]

1. d4 Nf6 2. c4 e6 3. Nf3 Bb4+ 4. Nbd2 d5 5. e3 O-O 6. Be2 b6 7. a3 Bd6 8. O-O
Bb7 9. b4 dxc4 10. Nxc4 Nc6 11. Bb2 a5 12. b5 Ne7 13. Nfe5 Ng6 14. f4 Bxe5 15.
fxe5 Ne4 16. Qc2 Ng5 17. Nd2 Rc8 18. Nf3 c5 19. bxc6 Bxc6 20. Qd1 Ne4 21. Rc1
Bd5 22. Qd3 Rxc1 23. Rxc1 Nh4 24. a4 f5 25. Ba3 Re8 26. Qd1 Nxf3+ 27. Bxf3 Qh4
28. Qe2 h6 29. g3 Nxg3 30. hxg3 Qxg3+ 31. Bg2 Bxg2 32. Qxg2 Qxe3+ 33. Kh2 Qxa3
34. Qg6 Qe7 35. Rc6 Qh4+ 36. Kg2 Qe4+ 0-1

[Event "31è Open International d'Avoine 2016"]
[Site "Avoine"]
[Date "2016.07.23"]
[Round "1.25"]
[White "Bogdanov, Egor"]
[Black "Midy, Robin"]
[Result "1-0"]
[WhiteElo "2269"]
[BlackElo "2006"]
[PlyCount "96"]
[EventDate "2016.??.??"]

1. e4 c5 2. c3 g6 3. d4 cxd4 4. cxd4 d5 5. exd5 Nf6 6. Nc3 Nxd5 7. Qb3 Nb6 8.
Be3 Bg7 9. Nf3 O-O 10. Rd1 Nc6 11. d5 Ne5 12. Be2 Bg4 13. Nxe5 Bxe2 14. Nxe2
Bxe5 15. O-O Qd7 16. f4 Bg7 17. f5 Nc8 18. fxg6 hxg6 19. Bd4 Nd6 20. Bxg7 Kxg7
21. Nd4 Rh8 22. Rf4 Rh5 23. Rdf1 Rc8 24. Qf3 Qe8 25. Qd3 a6 26. b3 Kh8 27. Nf3
Kg8 28. g4 Rh7 29. a4 b5 30. a5 Qd8 31. Kg2 Rg7 32. Qe3 Qe8 33. Qd2 Qd7 34. Rc1
Rxc1 35. Qxc1 Qc8 36. Qc6 Qxc6 37. dxc6 e5 38. Rf6 Ne8 39. h4 b4 40. Kf2 Kf8
41. c7 Nxc7 42. Rc6 f6 43. Rxf6+ Ke7 44. Rc6 Nb5 45. Rxa6 Ke8 46. Re6+ Kd7 47.
Rxe5 Kc6 48. Ke3 Nc7 1-0

[Event "31è Open International d'Avoine 2016"]
[Site "Avoine"]
[Date "2016.07.23"]
[Round "1.26"]
[White "Baroudel, Hadrien"]
[Black "Belenkaya, Dina"]
[Result "0-1"]
[WhiteElo "2004"]
[BlackElo "2249"]
[PlyCount "75"]
[EventDate "2016.??.??"]

1. e4 c6 2. d3 d5 3. Nc3 g6 4. g3 e5 5. Bg2 Ne7 6. exd5 Nxd5 7. Nge2 Bg7 8.
Nxd5 cxd5 9. O-O O-O 10. f4 Nc6 11. fxe5 Nxe5 12. d4 Nc6 13. c3 Bg4 14. Qd2 Bf5
15. b3 Re8 16. Nf4 Be4 17. Bxe4 Rxe4 18. Bb2 Qd7 19. Rae1 Rae8 20. Ba3 Bh6 21.
Rxe4 dxe4 22. Qe2 f5 23. Qc4+ Kh8 24. Re1 a6 25. Bc5 b5 26. Qd5 Qxd5 27. Nxd5
Rd8 28. Nf4 Bxf4 29. gxf4 b4 30. Kf2 bxc3 31. Ke3 a5 32. a3 Rb8 33. d5 Rb5 34.
Bd4+ Nxd4 35. Kxd4 Rxb3 36. Kc4 Rxa3 37. d6 e3 38. d7 0-1

[Event "31è Open International d'Avoine 2016"]
[Site "Avoine"]
[Date "2016.07.23"]
[Round "1.27"]
[White "Le Borgne, Pierre"]
[Black "Lukasiewicz, Krzysztof"]
[Result "1-0"]
[WhiteElo "2247"]
[BlackElo "2002"]
[PlyCount "95"]
[EventDate "2016.??.??"]

1. e4 c6 2. f4 d5 3. e5 c5 4. Nf3 Nc6 5. g3 e6 6. Bg2 Nh6 7. O-O Be7 8. d3 O-O
9. h3 Nf5 10. g4 Nfd4 11. Nh2 Nb8 12. c3 Ndc6 13. Nd2 Nd7 14. Ndf3 b5 15. g5
Bb7 16. Ng4 Nb6 17. Qe1 b4 18. Qh4 Ba6 19. Nf6+ Bxf6 20. gxf6 Bxd3 21. Qg5 Bg6
22. h4 h5 23. Bh3 Nd7 24. Bxe6 fxe6 25. Qxg6 Nxf6 26. exf6 Qxf6 27. Qxf6 gxf6
28. Be3 bxc3 29. bxc3 c4 30. Rab1 Rf7 31. Kf2 Kh7 32. Rg1 Rg8 33. Rxg8 Kxg8 34.
Rb5 Kg7 35. f5 Ne5 36. fxe6 Ng4+ 37. Ke2 Re7 38. Nd4 Kg6 39. Rxd5 Ne5 40. Bf4
Nc6 41. Kf3 Nxd4+ 42. Rxd4 Rxe6 43. Rxc4 Ra6 44. a4 Rb6 45. Be3 Rb7 46. a5 a6
47. Rc6 Rb3 48. Bd4 1-0

[Event "31è Open International d'Avoine 2016"]
[Site "Avoine"]
[Date "2016.07.23"]
[Round "1.28"]
[White "Sauvaget, Franck"]
[Black "Frick, Christoph"]
[Result "0-1"]
[WhiteElo "2002"]
[BlackElo "2245"]
[PlyCount "84"]
[EventDate "2016.??.??"]

1. Nf3 d5 2. c4 c6 3. e3 Nf6 4. Nc3 e6 5. Qc2 Nbd7 6. b3 Bd6 7. Bb2 O-O 8. Rg1
a5 9. g4 Nc5 10. g5 Nfd7 11. Be2 Qe7 12. h4 dxc4 13. bxc4 e5 14. d4 exd4 15.
exd4 Ne6 16. Ne4 Re8 17. Nf6+ Nxf6 18. gxf6 Qd8 19. d5 cxd5 20. cxd5 Bb4+ 21.
Kf1 Qxd5 22. Rd1 Qc5 23. Qb1 g6 24. Ne5 Nf4 25. Rg5 Bh3+ 26. Kg1 Nxe2+ 27. Kh2
Qxf2+ 28. Kxh3 Nf4+ 29. Kg4 h5+ 30. Rxh5 gxh5+ 31. Kg5 Ne6+ 32. Kxh5 Nf4+ 33.
Kg4 Ng6 34. Nxg6 Qg2+ 35. Kh5 Qe2+ 36. Kg5 Bd2+ 37. Nf4 Bxf4+ 38. Kxf4 Qe3+ 39.
Kf5 Qf3+ 40. Kg5 Kh8 41. Kh6 Qf4+ 42. Kh5 Re5+ 0-1

[Event "31è Open International d'Avoine 2016"]
[Site "Avoine"]
[Date "2016.07.23"]
[Round "1.29"]
[White "Giacomini, Hector"]
[Black "De Lussac, Estephe"]
[Result "1/2-1/2"]
[WhiteElo "2239"]
[BlackElo "1996"]
[PlyCount "81"]
[EventDate "2016.??.??"]

1. d4 Nf6 2. Nf3 g6 3. e3 Bg7 4. Be2 O-O 5. O-O d6 6. c4 Nbd7 7. Nc3 e5 8. Qc2
Qe7 9. b3 c6 10. Ba3 e4 11. Nd2 Re8 12. Rae1 h5 13. f3 exf3 14. Bxf3 c5 15. Nd5
Qd8 16. Bb2 cxd4 17. exd4 Rxe1 18. Rxe1 Nxd5 19. Bxd5 Nf6 20. Bf3 Bf5 21. Qc3
d5 22. h3 Rc8 23. c5 g5 24. Qe3 g4 25. hxg4 hxg4 26. Qg5 gxf3 27. Qxf5 fxg2 28.
Re2 Rc6 29. Rxg2 Ne8 30. Nf3 Rf6 31. Qg4 Qa5 32. Qd7 Rxf3 33. Qxe8+ Kh7 34.
Rh2+ Kg6 35. Rg2+ Kh7 36. Qe2 Rf6 37. Qh5+ Rh6 38. Qf5+ Kh8 39. Qc8+ Kh7 40.
Qf5+ Kh8 41. Qc8+ 1/2-1/2